Home builders of tomorrow. (Record no. 14602)

000 -LEADER
fixed length control field 00547nam a2200193 a 4500
001 - CONTROL NUMBER
control field :::00012434$&:&@@
003 - CONTROL NUMBER IDENTIFIER
control field OkBaRHE
005 - DATE AND TIME OF LATEST TRANSACTION
control field 20000607103419.0
008 - FIXED-LENGTH DATA ELEMENTS--GENERAL INFORMATION
fixed length control field s1938 j 000 0 eng u
040 ## - CATALOGING SOURCE
Transcribing agency
100 1# - MAIN ENTRY--PERSONAL NAME
Personal name Bowman, Warren D.
245 10 - TITLE STATEMENT
Title Home builders of tomorrow.
260 ## - PUBLICATION, DISTRIBUTION, ETC. (IMPRINT)
Place of publication, distribution, etc Elgin, IL., ;
Name of publisher, distributor, etc Elgin Press
Date of publication, distribution, etc c1938
300 ## - PHYSICAL DESCRIPTION
Extent 123 p. ;
Dimensions 20 cm.
650 ## - SUBJECT ADDED ENTRY--TOPICAL TERM
Topical term or geographic name as entry element Marriage
650 ## - SUBJECT ADDED ENTRY--TOPICAL TERM
Topical term or geographic name as entry element Mate Selection
942 ## - ADDED ENTRY ELEMENTS (KOHA)
Source of classification or shelving scheme
Koha item type Books
Copies
Damaged status Not for loan Date last seen Price effective from Shelving location Permanent Location Full call number Barcode Copy number Date acquired Lost status Koha item type Source of classification or shelving scheme Withdrawn status
  2010-04-142010-04-14General StacksRHEMA Bible Training CollegeHQ 734 .B61243412010-04-14 Books